The nature of philosophy / (Record no. 35511)

MARC details
000 -LEADER
fixed length control field 00792nam a22001937a 4500
005 - DATE AND TIME OF LATEST TRANSACTION
control field 20100429120158.0
008 - FIXED-LENGTH DATA ELEMENTS--GENERAL INFORMATION
fixed length control field 080922t xxu||||| |||| 00| 0 eng d
020 ## - INTERNATIONAL STANDARD BOOK NUMBER
Terms of availability 450.00
International Standard Book Number 9788189963064
037 ## - SOURCE OF ACQUISITION
Source of stock number/acquisition PUB (Indian Council of Philosophical Research)
040 ## - CATALOGING SOURCE
Original cataloging agency dpl
Language of cataloging English
100 ## - MAIN ENTRY--PERSONAL NAME
Personal name Daya Krishna
245 ## - TITLE STATEMENT
Title The nature of philosophy /
Statement of responsibility, etc by Daya Krishna with a new introduction by Mrinal Miri
260 ## - PUBLICATION, DISTRIBUTION, ETC. (IMPRINT)
Place of publication, distribution, etc New Delhi
Name of publisher, distributor, etc Indian Council of Philosophical Research
Date of publication, distribution, etc 2009
270 ## - ADDRESS
Address 36, Tuglakabad Institutional Area, Mehrauli-Badarpur Road,
City New Delhi
Postal code 110062
300 ## - PHYSICAL DESCRIPTION
Extent xxii, 338p.
Dimensions 25cm(Hb)
500 ## - GENERAL NOTE
General note Includes bibliographical references and index
942 ## - ADDED ENTRY ELEMENTS (KOHA)
Source of classification or shelving scheme Dewey Decimal Classification
Item type English Books
Call number suffix DAY
Holdings
Withdrawn status Lost status Source of classification or shelving scheme Damaged status Not for loan Home library Current library Date acquired Cost, normal purchase price Total Checkouts Full call number Date last seen Cost, replacement price Koha item type
    Dewey Decimal Classification   Ordered Andrews Gunj Andrews Gunj 29/04/2010 450.00   DAY 29/04/2010 450.00 English Books

© Delhi Public Library
Hit Counter
free hit counter